000
003240000a22001450004500
003
MACL
040
_a
MACL
090
_c
33906
_d
33904
100
_a
Arora, Pawan
245
_a
The How and Why of Internet
260
_b
New Light Publishers
_c
2001
350
_a
85
650
_a
Computer Science
942
_c
BOOK
_k
004.678/ARO
999
_c
33550
_d
33550